| 000 | 01149njm a22002897a 4500 | ||
|---|---|---|---|
| 005 | 20100914113059.0 | ||
| 006 | a|||||r|||||00| 0 | ||
| 007 | sd ammalaaahaa | ||
| 008 | 100910t xxu||||| |||| 00| 0 eng d | ||
| 028 |
_aEMOE.2328 _bOdeon |
||
| 035 | _aGR-02249 | ||
| 040 |
_aSED _cSED |
||
| 100 |
_aMangeshkar, Lata _919365 |
||
| 245 |
_aJheel ke us paar / _csung by Lata Mangeshkar; music by Rahul Dev Burman; lyrics by Anand Bakshi _h[sound recording] : |
||
| 246 | _aझील के उस पार / | ||
| 260 |
_aDum Dum, India _bODEON _c1973 |
||
| 300 |
_a1 sound disc [Gramophone Recording] : _banalog, 45 rpm _c7.5 in. (SP) _fGramaphone Records |
||
| 500 | _aBrief record | ||
| 500 | _aRecord Lebels : Odeon, Black | ||
| 505 | _aSide-1 बाबुल तेरे (Babul tere) (Lata Mangeshkar) Side-2 दो घूँट (Do ghoont) (Lata Mangeshkar) | ||
| 600 |
_aMangeshkar, Lata _919611 |
||
| 650 |
_2Excerpts. _aFilm Song _bIndia _919366 |
||
| 700 |
_aBurman, Rahul Dev _919918 |
||
| 700 |
_aBakshi, Anand _919919 |
||
| 942 |
_2ddc _cGR |
||
| 999 |
_c45611 _d45611 |
||